Už brzy půjdu do školy : práce s předškoláky v mateřské škole a přípravné třídě /

Hlavní autor: Košek Bartošová, Iva
Další autoři: Křováčková, Blanka, Koubská, Patricie, 1973-
Jazyk: Čeština
Vydáno: Praha : Portál, 2014
Vydání: Vyd. 1.
Témata:
Fyzický popis: 126 s. : il. (převážně barev.), noty ; 23 cm
Knihy
Uloženo v:
LEADER 02185nam a2200529 a 4500
001 nkc20142612737
003 CZ PrNK
005 20190424130851.0
007 ta
008 140808s2014 xr ag e f 000 0 cze
015 |a cnb002612737 
020 |a 978-80-262-0702-3  |q (brož.) 
035 |a (OCoLC)900135326 
040 |a ABA001  |b cze  |d OLA001 
072 7 |a 373.2/.3  |x Předškolní a primární výchova a vzdělávání  |2 Konspekt  |9 22 
080 |a 373.2  |2 MRF 
080 |a 373.29  |2 MRF 
080 |a (035)  |2 MRF 
080 |a (076.1)  |2 MRF 
080 |a (076.5)  |2 MRF 
100 1 |a Košek Bartošová, Iva  |7 jx20050503007  |4 aut 
245 1 0 |a Už brzy půjdu do školy :  |b práce s předškoláky v mateřské škole a přípravné třídě /  |c Iva Košek Bartošová, Blanka Křováčková ; ilustrace Patricie Koubská 
246 3 0 |a Práce s předškoláky v mateřské škole a přípravné třídě 
250 |a Vyd. 1. 
260 |a Praha :  |b Portál,  |c 2014 
300 |a 126 s. :  |b il. (převážně barev.), noty ;  |c 23 cm 
650 0 7 |a předškolní výchova  |7 ph124887  |2 czenas 
650 0 7 |a zahájení školní docházky  |7 ph208672  |2 czenas 
650 0 7 |a školní zralost  |7 ph168223  |2 czenas 
650 0 9 |a preschool education  |2 eczenas 
650 0 9 |a school attendance  |2 eczenas 
650 0 9 |a school readiness  |2 eczenas 
655 7 |a příručky  |7 fd133209  |2 czenas 
655 7 |a pracovní listy  |7 fd250497  |2 czenas 
655 7 |a praktická cvičení  |7 fd133118  |2 czenas 
655 9 |a handbooks and manuals  |2 eczenas 
655 9 |a activity pages  |2 eczenas 
655 9 |a problems, exercises, etc  |2 eczenas 
700 1 |a Křováčková, Blanka  |7 mzk2007377757  |4 aut 
700 1 |a Koubská, Patricie,  |d 1973-  |7 jn20001227121  |4 ill 
910 2 |a BOA001  |b 2-1334.826 
990 |a BK 
995 |a 01 
991 |b 201412  |c NOV  |e n 
996 6 |b 2610611073  |c 2-1334.826  |l MZK  |r Sklad / do 1 hodiny  |n 5  |p p.v.  |w 001469608  |u 000010  |a 1  |e BOA001  |j MZK50  |s P 
996 7 |b 2610617425  |c 2-1334.826  |l Vol.výběr  |r VV 0p  |n 28  |p kup  |h 373.2/.3 BAR  |w 001469608  |u 000020  |a 0  |e BOA001  |j MZK50  |s A 
996 7 |b 2610779726  |c 2-1334.826  |l Vol.výběr  |r VV 0p  |n 8  |p kup  |h 373.2/.3 BAR  |w 001469608  |u 000030  |a 0  |e BOA001  |j MZK50  |s A